[Event "70th RUS-ch Women Higher League 2020"]
[Site "Sochi"]
[Date "2020.10.14"]
[Round "6.6"]
[White "Charochkina, Daria"]
[Black "Paramzina, Anastasya"]
[Result "*"]
[WhiteElo "2356"]
[BlackElo "2237"]
[Annotator "TA"]
[PlyCount "92"]
[EventDate "2020.10.08"]
[EventType "swiss"]
[EventCountry "RUS"]
[SourceTitle "playchess.com"]
[Source "ChessBase"]
[SourceQuality "1"]

{[%evp 9,92,10,20,-10,15,0,37,35,43,39,35,42,39,23,32,16,47,-57,-31,-27,-33,-10,-10,-244,-263,-327,-318,-373,-262,-355,-330,-372,-401,-366,-361,-469,-257,-270,-246,-270,-268,-267,-265,-263,-259,-227,-146,-189,-185,-195,-171,-289,-117,-118,-98,-122,-124,-117,-45,-54,-58,-50,-51,-142,-135,-123,-122,-129,-128,-254,-252,-228,-235,-300,-305,-400,-396,-420,-409,-376,-318,-318,-293,-534,-128]} 1. d4 Nf6 2. Bf4 c6 3. c3 d6 4. Qc2 Qa5 5. e4 e5 {[#]} 6. Bd2 $146 {A45: Trompowsky Attack.} ({Predecessor:} 6. dxe5 dxe5 7. Bg5 Be7 8. Bc4 b5 9. Bb3 Bg4 10. Nd2 Nbd7 11. h3 Bh5 12. Ngf3 {1-0 (29) Sirotkina,N (2183)-Mai,I (2035) Prague 2020}) 6... Be7 7. Bd3 Na6 8. a3 {White is slightly better.} d5 9. b4 Qb6 10. dxe5 dxe4 11. Bxe4 Nxe4 12. Qxe4 Be6 13. c4 (13. Be3 $14 Bc5 14. Nf3) 13... Nc5 {[%mdl 1024] Black has compensation.} 14. Qc2 $1 ({Wrong is} 14. bxc5 $2 Qb2 $19) 14... Nd7 $36 {[%mdl 2048] Black is more active.} 15. Nf3 a5 {[%cal Ba7a5,Ba5a4][%mdl 32]} 16. Ra2 $2 {[#]} (16. bxa5 $11 {and White has nothing to worry.} Qa6 17. O-O) 16... Qa6 $1 $19 ({Weaker is} 16... axb4 17. axb4 Rxa2 18. Qxa2 $15) 17. Rb2 Bxc4 18. Bc3 Nb6 19. Nfd2 Bd3 20. Qb3 a4 21. Qd1 Nd5 22. Bd4 Nf4 (22... Rd8 $142 23. Qg4 O-O) 23. Qf3 g5 {Threatens to win with ...Rd8.} 24. Nc3 Bb5 25. Rc2 Rd8 26. Be3 Nd3+ {[%mdl 64] Double Attack} 27. Kd1 Nxe5 28. Qe4 f6 {aiming for ...Bd3.} 29. Nxb5 Qxb5 ({Inferior is} 29... cxb5 30. h4 $11) 30. f4 (30. Bd4 $142) 30... Qd3 (30... gxf4 $19 {and Black stays clearly on top.} 31. Bxf4 Rd3 32. Bxe5 fxe5) 31. Qxd3 $17 Rxd3 32. fxe5 Rxe3 33. Nc4 {[#]} Rd3+ (33... Rb3 $1 $17 {And now ...0-0 would win.} 34. Ke2 O-O) 34. Ke2 $15 Rd5 35. exf6 $1 Bxf6 36. Rf1 ({White should try} 36. Rd1 $1 $15) 36... O-O $17 {...Re8+ is the strong threat.} 37. Rf3 Kg7 38. g4 Re8+ 39. Kf1 (39. Re3 $17 Red8 40. Nb2) 39... Rd1+ $19 40. Kg2 Re4 41. h3 Ree1 {Strongly threatening ...Rg1+.} 42. Re3 {If only White now had time for Rxe1....} Rg1+ 43. Kh2 Rh1+ 44. Kg3 Rdg1+ 45. Rg2 Re1 46. Rd3 $2 (46. Rxe1 {keeps fighting.} Rxe1 47. Ra2) 46... Re4 $2 {Av CentiPawn Loss W=-36/B=-32. Weighted=-39/-31} (46... b5 $19 {is more deadly.} 47. Ne3 Be5+ 48. Kf2 Kg6) *

[Event "70th RUS-ch Women Higher League 2020"]
[Site "Sochi"]
[Date "2020.10.14"]
[Round "6.7"]
[White "Semenova, Elena"]
[Black "Voit, Daria"]
[Result "0-1"]
[WhiteElo "2284"]
[BlackElo "2343"]
[Annotator "TA"]
[PlyCount "64"]
[EventDate "2020.10.08"]
[EventType "swiss"]
[EventCountry "RUS"]
[SourceTitle "playchess.com"]
[Source "ChessBase"]
[SourceQuality "1"]

{[%evp 12,64,30,0,0,3,10,-137,-144,-136,-134,-171,-155,-155,-155,-174,0,0,0,-292,-256,-262,-89,-78,-21,-34,-5,-5,-22,-16,-14,-12,-12,-74,-35,-189,-191,-260,-254,-256,-226,-316,-306,-312,-322,-456,-475,-591,-593,-687,-730,-1133,-1106,-1083,-1079]} 1. e4 c5 2. Nf3 d6 3. d4 cxd4 4. Nxd4 Nf6 5. Nc3 a6 6. Bg5 Nbd7 7. f4 e5 {B94: Sicilian Najdorf: 6 Bg5 Nbd7.} 8. Nf5 Qb6 9. Bc4 (9. Qd2 $11) 9... Qxb2 $17 {Black is clearly better.} 10. Nd5 Nxd5 11. Qxd5 {[%csl Gc4][%cal Rd5f7] [#]} Qc3+ {[#]} 12. Ke2 $146 {[%csl Gc4][%cal Rd5f7]} ({Predecessor:} 12. Kf2 f6 13. Bh4 Qxc2+ 14. Kf1 Nc5 15. Qf7+ Kd8 16. Bf2 Nd7 17. Bb3 Qxe4 18. Be6 Qxf4 {0-1 (34) Tejedor Fuente,E (2225)-Cabrera Trujillo,J (2353) Melilla 2011}) 12... f6 13. Bh4 Nc5 $2 ({Don't play} 13... exf4 14. Qf7+ Kd8 15. Bf2 $11) (13... Qxc2+ $19 14. Kf1 Nc5 15. Qf7+ Kd8) 14. Qf7+ $1 $11 Kd8 15. Be1 $2 {[%mdl 8192]} (15. Rhd1 $11 {and White stays safe.}) 15... Qxc2+ $19 {[%mdl 64] Double Attack} 16. Kf1 {White threatens Ba5+ and mate.} a5 $2 (16... Rb8 $19 17. fxe5 Qxe4 {[%mdl 64] Double Attack}) 17. Bf2 $17 {[#]} b6 ({Better is} 17... Ra6 $1 $17 18. Bb5 (18. Bxa6 Be6) 18... Rb6) 18. fxe5 $1 $11 {Black must now prevent Nd4.} ({But not} 18. Bb5 Qxe4 19. Nxd6 Bxd6 $17) 18... Qxc4+ 19. Qxc4 Ba6 $36 {[%mdl 2048] Black is pushing.} 20. Qxa6 $1 Rxa6 21. exf6 gxf6 22. Bh4 (22. Bxc5 $11 {remains equal.} dxc5 23. a4) 22... Nxe4 23. Nd4 $2 {Now White is beyond hope.} ({White should try} 23. Re1 $1 $15 Ng5 24. Ke2) 23... Kd7 24. Re1 (24. Be1 {might work better.}) 24... d5 $19 25. Rd1 Bc5 26. Nb5 Kc6 27. a4 Raa8 28. Ke2 (28. Rc1 $142) 28... Rae8 {Black is clearly winning.} 29. Kd3 Rhg8 30. Rhf1 Rxg2 31. Nd4+ Bxd4 32. Kxd4 Rg4 {Av CentiPawn Loss W=-67/B=-20. Weighted=-60/-33} 0-1

[Event "70th RUS-ch Women Higher League 2020"]
[Site "Sochi"]
[Date "2020.10.14"]
[Round "6.8"]
[White "Nasyrova, Ekaterina"]
[Black "Belenkaya, Dina"]
[Result "0-1"]
[WhiteElo "2171"]
[BlackElo "2297"]
[Annotator "TA"]
[PlyCount "40"]
[EventDate "2020.10.08"]
[EventType "swiss"]
[EventCountry "RUS"]
[SourceTitle "playchess.com"]
[Source "ChessBase"]
[SourceQuality "1"]

{[%evp 9,40,-16,0,6,2,11,44,6,17,15,0,-49,-44,-55,-18,-67,-66,-64,-49,-255,-236,-478,-477,-1152,-1110,-1197,-672,-649,-633,-29992,-29993,-29993,-29994]} 1. Nf3 Nf6 2. c4 e6 3. Nc3 Bb4 4. g4 h6 5. Rg1 d5 6. h4 {A17: English Opening: 1...Nf6 with ...Bb4.} d4 {[#]} 7. Nb5 $146 {With the idea Qa4.} ({Predecessor:} 7. g5 hxg5 8. hxg5 dxc3 9. Qa4+ Nc6 10. bxc3 Be7 11. gxf6 Bxf6 12. Qc2 b6 13. d3 {½-½ (68) Barnaure,V (2416)-Burnoiu,N (2424) Bucharest 2006}) 7... Nc6 {aiming for ...e5.} 8. g5 {White is slightly better.} (8. Nbxd4 $5 Nxd4 9. Nxd4 $11) 8... hxg5 9. hxg5 Ne4 10. Qc2 (10. a3 $5 {[%cal Ra3b4]} Be7 11. d3 $14) 10... Nc5 $36 {[%mdl 2048] Black has the initiative.} 11. a3 e5 $1 12. axb4 Nxb4 13. Qb1 {Strongly threatening b3.} d3 $1 {[%cal Rd3e2] Hoping for ...dxe2.} 14. Nxe5 $2 {Loses the game.} (14. b3 $1 $15 dxe2 15. Kxe2 (15. Bxe2 $2 Ncd3+ 16. Bxd3 Nxd3+ 17. Kf1 Bh3+ 18. Ke2 Bf5 $19)) 14... c6 $19 15. Na3 $2 ({But not} 15. exd3 cxb5 16. b3 Qd6) (15. b3 {was worth a try.} cxb5 16. exd3) 15... Qd4 {And now ...dxe2 would win.} 16. Rg3 {[#]} (16. Nf3 $142 Qe4 17. g6) 16... Rh1 $1 {[%mdl 512] ( -> ...Qe4!)} 17. Nf3 Qe4 {[%csl Gd3][%cal Re4e2]} 18. Ng1 Kf8 19. f3 {[#]} Qh4 $1 {[%mdl 512]} 20. Kf2 {[#]} Rxg1 $1 {[%mdl 576] Pin. Av CentiPawn Loss W=-154/B=-45. Weighted=-230/-66} 0-1

[Event "70th RUS-ch Women Higher League 2020"]
[Site "Sochi"]
[Date "2020.10.14"]
[Round "6.9"]
[White "Shafigullina, Zarina"]
[Black "Yakimova, Mariya"]
[Result "1-0"]
[WhiteElo "2296"]
[BlackElo "2269"]
[Annotator "TA"]
[PlyCount "103"]
[EventDate "2020.10.08"]
[EventType "swiss"]
[EventCountry "RUS"]
[SourceTitle "playchess.com"]
[Source "ChessBase"]
[SourceQuality "1"]

{[%evp 14,103,35,21,43,38,58,49,86,51,100,33,36,34,30,4,21,29,39,14,42,44,37,37,36,11,14,14,14,7,24,1,60,0,81,83,72,-47,-58,-50,-56,-43,-50,-46,-63,-138,-55,-16,-26,-54,0,-658,0,0,0,0,450,470,475,375,435,193,200,201,510,485,561,537,539,530,642,655,652,634,563,570,29962,29962,29959,12848,5114,1860,29971,29972,29980,29979,29983,29977,29984,29978,29981,29976]} 1. d4 Nf6 2. c4 g6 3. Nc3 Bg7 4. Nf3 O-O 5. g3 d6 6. Bg2 Nc6 7. O-O a6 8. Qd3 {8.b3 is a critical line.} Rb8 {E63: King's Indian: Fianchetto: Panno Variation with 7...a6.} 9. d5 Na7 10. a4 c5 {White is slightly better.} 11. e4 Qc7 {[#]} 12. Bd2 $146 ({White should try} 12. a5 $16) ({Predecessor:} 12. a5 Nd7 13. Ne1 b5 14. axb6 Nxb6 15. f4 e6 16. Nf3 exd5 17. exd5 Re8 18. Nh4 {½-½ (84) Machlik,M (2158)-Sjoberg,I (2247) Norway 2019}) 12... b5 $14 13. axb5 axb5 14. b3 b4 15. Ne2 Bg4 16. Ra2 Nd7 17. h3 Bxf3 $1 18. Qxf3 Nc8 19. Qe3 Ncb6 20. f4 Ra8 21. Rc2 Ra6 22. h4 Nf6 (22... Ra3 $11) 23. Bf3 ({White should play} 23. Bh3 $1 $14) 23... Nbd7 (23... Qc8 $11 {remains equal.}) 24. g4 $1 $16 Rfa8 25. e5 (25. g5 $16) 25... dxe5 $15 {[#]} 26. d6 $1 {[%cal Rd6c7][%mdl 512]} Qxd6 {White must now prevent ...exf4.} (26... Rxd6 27. Bxa8) 27. Bxa8 Rxa8 28. g5 Nh5 29. f5 {[#]} (29. Qf3 $15 Rd8 30. Ra2) 29... gxf5 (29... Qc6 $1 $17 {Strongly threatening ...e4.} 30. Qd3 e4) 30. Qf3 {[%mdl 64] Double Attack} e4 31. Qxf5 ({Avoid the trap} 31. Qxh5 $2 Qd3 $19) 31... Ng3 (31... Ne5 $1 $15 32. Qxe4 Ra3) 32. Qxf7+ $11 ({Not} 32. Nxg3 $2 Qxg3+ 33. Kh1 Qxb3 $19) 32... Kh8 33. Bf4 $36 {[%mdl 2112] Double Attack. White is pushing.} Nxe2+ $1 ({Of course not} 33... Qd3 $6 34. Nxg3 Qxc2 35. Qxe7 $16) 34. Rxe2 Qd4+ $2 {[%mdl 8192] [#] Black is now going downhill.} (34... Qd3 $11 35. Rd2 Qh3) 35. Kg2 $1 $18 e3 {intending ...Rf8.} 36. Qd5 Rf8 37. Bg3 (37. Rxe3 $142 {aiming for Qxd4.} Rxf4 38. Rxf4 Qxe3 39. Qa8+ Bf8 40. Rxf8+ Kg7 41. Rf2) 37... Rxf1 38. Kxf1 Qxd5 $2 (38... Be5 {is tougher.}) 39. cxd5 {[%mdl 4096] Endgame KRB-KBN} Nb6 40. d6 exd6 41. Rxe3 Bd4 42. Re8+ Kg7 {If only Black now had time for ...c4....} 43. Bxd6 Kg6 44. Be5 Kf5 45. Bxd4 cxd4 {KR-KN} 46. Re7 Nd5 47. Rxh7 d3 48. Ke1 {White mates.} Ke4 49. Kd2 Nc3 50. Re7+ Kd4 51. Rd7+ Ke4 52. Rxd3 {Av CentiPawn Loss W=-65/B=84. Weighted=-38/142} 1-0

[Event "70th RUS-ch Women Higher League 2020"]
[Site "Sochi"]
[Date "2020.10.14"]
[Round "6.10"]
[White "Bodnaruk, Anastasia"]
[Black "Solozhenkina, Elizaveta"]
[Result "1-0"]
[WhiteElo "2428"]
[BlackElo "2301"]
[Annotator "TA"]
[PlyCount "61"]
[EventDate "2020.10.08"]
[EventType "swiss"]
[EventCountry "RUS"]
[SourceTitle "playchess.com"]
[Source "ChessBase"]
[SourceQuality "1"]

{[%evp 17,61,32,26,27,29,25,26,16,20,26,57,45,39,54,60,51,60,44,58,0,3,0,0,0,1,0,68,9,38,0,0,-140,0,0,64,-66,0,0,0,-80,24,-59,29974,29975,2449,199]} 1. e4 e6 2. d4 d5 3. Nc3 Bb4 4. e5 c5 5. a3 Ba5 6. b4 cxd4 7. Nb5 Bc7 8. f4 Bd7 {The main line 8...Bd7 scores better than 8...Ne7.} 9. Nxc7+ Qxc7 10. Nf3 {C18: French: 3 Nc3 Bb4: Main line: 7 h4 and 7 Qg4.} (10. Bd3 Ba4 11. Bb2 Nc6 12. Nf3 Rc8 13. O-O Nge7 14. g4 Qb6 15. Rb1 Bb5 16. Kg2 h5 17. h3 Bxd3 18. Qxd3 Ng6 19. Qd2 Qc7 {½-½ (32) Bodnaruk,A (2412)-Solozhenkina,E (2314) Monaco 2019}) 10... Ba4 11. Bd3 Ne7 12. O-O {White has an edge.} Qb6 13. Rf2 {[#]} a6 $146 ({Predecessor:} 13... Bb5 14. Bxb5+ Qxb5 15. Nxd4 Qc4 16. Qd3 a6 17. b5 O-O 18. Bd2 Rc8 19. Bb4 Ng6 {1-0 (70) Bellegotti,G (2317)-Loeschnauer,E (2375) ICCF email 2014}) 14. Nxd4 Nbc6 (14... Qxd4 $2 15. Bb5+ $1 {[%mdl 512]} Bxb5 16. Qxd4 $18) 15. Be3 {Strongly threatening f5.} Qc7 16. Nxc6 Qxc6 17. Bc5 g6 18. Qg4 ({White should try} 18. Qe1 $14) 18... b6 $1 $11 {[%cal Rb6c5]} 19. Bxe7 Kxe7 20. Qg5+ Ke8 21. Re1 Bb5 (21... Qc3 $11 22. Re3 Qa1+ 23. Rf1 Qd4) 22. c4 ({White should play} 22. f5 $1 $14 gxf5 23. c4 Bxc4 24. Bxf5 $1 {[%mdl 512]} exf5 25. e6 fxe6 26. Qf6) 22... Bxc4 23. Bxc4 Qxc4 24. Rff1 (24. f5 $1 $11 gxf5 25. Qf6) 24... Qc7 ({Better is} 24... Rc8 $17 25. Qg3 Qd4+ 26. Kh1 Rc2) 25. f5 $36 {[%mdl 2048] White fights for an advantage.} Qe7 ({Don't blunder} 25... exf5 $2 26. Qf6 $18) (25... gxf5 $11 26. Qg7 Rf8 27. Rxf5 Qc3) 26. f6 (26. Qc1 $1 $14 Kd7 27. fxe6+ fxe6 28. Rf6) 26... Qd8 (26... Qa7 $15) 27. Rc1 Kd7 $1 28. Rfd1 {[#]} (28. b5 $11 {remains equal.} Rc8 29. Qe3 (29. bxa6 Rxc1 30. Rxc1 Qb8 $14)) 28... h5 (28... Qb8 $1 $17) 29. Qe3 (29. b5 $11 Ke8 30. bxa6) 29... Rc8 $2 {[%mdl 8192] [#]} (29... Qb8 $15) 30. Rxd5+ $1 {[%mdl 512]} exd5 31. Qh3+ {Av CentiPawn Loss W=-73/B=1237. Weighted=-41/213} 1-0

[Event "70th RUS-ch Women Higher League 2020"]
[Site "Sochi"]
[Date "2020.10.14"]
[Round "6.11"]
[White "Gritsayeva, Oksana"]
[Black "Dordzhieva, Dinara"]
[Result "0-1"]
[WhiteElo "2373"]
[BlackElo "2354"]
[Annotator "TA"]
[PlyCount "118"]
[EventDate "2020.10.08"]
[EventType "swiss"]
[EventCountry "RUS"]
[SourceTitle "playchess.com"]
[Source "ChessBase"]
[SourceQuality "1"]

{[%evp 9,118,8,25,19,25,23,18,16,13,14,25,18,19,0,0,0,14,0,0,0,0,-5,0,-2,0,-20,0,-6,-4,-46,-52,-46,-54,-48,-47,-47,-40,-94,-66,-125,-110,-152,-128,-168,-126,-127,-111,-105,-66,-92,-68,-76,-72,-75,-66,-69,-69,-70,-74,-100,-100,-104,-28,-53,-53,-59,-43,-53,-35,-42,-35,-35,-38,-113,-106,-106,-106,-150,-150,-143,-130,-142,-108,-131,-83,-78,-75,-76,-76,-75,-77,-78,0,-87,-87,-88,0,-118,-115,-114,-111,-505,-496,-492,0,0,0,-481,-437,-29973,-29974]} 1. e4 c5 2. g3 d5 3. exd5 Qxd5 4. Nf3 Nc6 5. Nc3 Qd8 6. Bg2 {B20: Sicilian: Unusual White 2nd moves.} Nf6 7. O-O Bg4 8. h3 {The position is equal.} Bh5 9. d3 e6 10. Re1 Be7 {[#]} 11. Bf4 $146 ({Predecessor:} 11. g4 Bg6 12. Nh4 O-O 13. Nxg6 hxg6 14. Bxc6 bxc6 15. Qf3 Nd5 16. Ne4 Nb4 17. Qe2 {1-0 (44) Costagliola,M (2202)-Muller,A (2115) Bescanon 1999}) 11... Bxf3 12. Bxf3 Qd7 13. a4 O-O 14. Bg2 Rad8 15. Nb5 Nd5 16. Bd2 Bf6 17. Qc1 Rfe8 18. Na3 Nd4 19. Nc4 Nb4 20. Bxb4 cxb4 21. Qd1 b6 22. Be4 Qc7 23. Rf1 (23. Rc1 $15) 23... Rc8 24. f4 ({Better is} 24. c3 $15 bxc3 25. bxc3) 24... g6 25. Qd2 Red8 26. Rf2 Qc5 27. Kh2 Bg7 28. Raf1 Nc6 29. g4 Na5 30. Nxa5 bxa5 31. b3 Rc7 32. f5 Rdc8 33. fxe6 fxe6 34. d4 Bxd4 {Strongly threatening ...Be3.} 35. Re2 Bc3 (35... Rf8 $17 36. Rxf8+ Kxf8) 36. Qd3 Rf8 37. Rxf8+ Qxf8 38. Qe3 Qd6+ 39. Kg2 Bd4 40. Qg3 e5 41. Bd3 (41. Re1 $15) 41... Kg7 $17 42. Bc4 {[#]} Rc8 $1 43. Bd3 Rf8 44. Be4 Qf6 {Threatens to win with ...Qf1+.} 45. Bf3 Qg5 46. Qe1 h5 {White must now prevent ...Rf4.} 47. h4 Qf6 ({Don't play} 47... hxg4 $6 48. hxg5 gxf3+ 49. Kh3 $11) 48. Qg3 Kh8 49. Re1 Qe6 50. Re4 Qf6 51. Re1 $1 Qd6 52. Re2 Qc7 (52... Qd7 $17 {...Qf7 is the strong threat.} 53. Kh2 hxg4 54. Qxg4 Qf5) 53. Kh3 (53. gxh5 $11 gxh5 54. Bxh5) 53... Qc3 $36 {[%mdl 2048] Black is really pushing.} 54. Kg2 hxg4 55. Qxg4 $2 {[%mdl 8192]} (55. Bxg4 $17 {was the crucial defense.} Qa1 56. Re1) 55... Rf4 $19 56. Qg3 Qa1 57. Re1 $1 {[%cal Re1a1]} Qc3 58. Re2 $1 Bb6 59. Be4 {[#]} (59. Bg4 $19 Qd4 60. Kh3) 59... Rxe4 $1 {[%mdl 512] Av CentiPawn Loss W=-57/B=-2. Weighted=-65/-7} 0-1

[Event "70th RUS-ch Women Higher League 2020"]
[Site "Sochi"]
[Date "2020.10.14"]
[Round "6.12"]
[White "Garmash, Aliona"]
[Black "Potapova, Margarita"]
[Result "1/2-1/2"]
[WhiteElo "2093"]
[BlackElo "2270"]
[Annotator "TA"]
[PlyCount "80"]
[EventDate "2020.10.08"]
[EventType "swiss"]
[EventCountry "RUS"]
[SourceTitle "playchess.com"]
[Source "ChessBase"]
[SourceQuality "1"]

{[%evp 13,80,4,14,0,18,21,31,36,58,53,194,181,187,181,192,115,102,102,122,81,87,82,70,31,31,39,48,10,203,197,241,110,120,51,209,154,166,39,54,0,-29,-3,0,-71,0,-30,-25,-32,-41,-129,10,0,0,-198,0,0,0,0,0,0,0,0,0,0,0,0,0,0,0]} 1. d4 Nf6 2. Nf3 g6 3. c4 Bg7 4. Nc3 d5 5. Bg5 Ne4 6. Bf4 Nxc3 7. bxc3 dxc4 8. e3 {D91: Grünfeld: 4 Nf3 Bg7 5 Bg5.} b5 9. Qb1 c6 10. a4 {White is slightly better.} Bd7 {[#]} 11. Bxc4 $146 ({Predecessor:} 11. Ne5 Bxe5 12. Bxe5 O-O 13. Be2 a5 14. h4 Na6 15. h5 Nc7 16. hxg6 fxg6 17. Qe4 {1-0 (66) Atalik,E (2408)-Socko,M (2469) Mamaia 2016}) 11... Qa5 (11... bxc4 $14 12. Qb7 Na6 $1 {[%mdl 512]} 13. Qxa6 c5) 12. O-O Qb6 13. axb5 cxb5 14. Ne5 (14. Qe4 $18 Bc6 15. Bxf7+ Kxf7 16. Ng5+ (16. d5 Bd7 $16) 16... Ke8 17. d5 (17. Qe6 Bf6 $16)) 14... Bxe5 $16 15. Bxe5 O-O 16. d5 Na6 17. Bd4 Nc5 18. Be2 (18. Qb4 $5 {[%cal Rd4c5]} Rfc8 19. Ra5 $16) 18... Rfc8 19. e4 a5 20. f4 Rab8 $2 (20... Qd6 $1 $11 {and Black stays safe.}) 21. f5 $1 $18 gxf5 22. exf5 (22. Rf3 $1 $18 {is the precise move to win.}) 22... f6 $16 23. Qe1 (23. Bh5 $16) 23... Kh8 $2 (23... Qd6 $1 $14) 24. Bh5 Qd6 25. Qh4 ({Only move:} 25. Rxa5 $18 {Threatens to win with Qh4.} Rg8 26. Ra7) 25... Rg8 $1 $14 26. Bg6 ({Better is} 26. Rxa5 $14 Qxd5 27. Bf3) 26... Rg7 $11 27. Rf3 ({Don't play} 27. Rxa5 Nb3 $17) 27... Qxd5 {White must now prevent ...Bc6.} 28. Raf1 (28. Re1 $11 {keeps the balance.} Nb3 29. Be3) 28... Ne4 (28... Bc6 $17 29. Bxh7 Qe4 30. Qxe4 Nxe4) 29. Re3 Bc6 30. Rf4 $1 {[%cal Rf4e4]} Ng5 {[%csl Gc6][%cal Rd5g2]} 31. Rg4 ({White should play} 31. Rg3 $1 $15 b4 32. c4 (32. Rxg5 $2 bxc3 33. Bxc3 Rb1+ 34. Rf1 Rxf1+ 35. Kxf1 Qd3+ {[%mdl 64] Double Attack} 36. Kg1 Qxc3 $19) 32... Qxc4 33. Bxf6 $1 {[%mdl 512]} Nf3+ 34. Rgxf3 Qc1+ 35. Rf1 Qe3+ 36. Kh1 exf6 37. Qxf6) 31... Kg8 (31... e5 $17 32. Bxe5 fxe5 33. Rxg5 Rbg8) 32. Qg3 Rb7 33. Rxg5 $2 (33. Bxf6 $11 {and White is okay.} exf6 34. Rd4 hxg6 35. Rxd5 Bxd5 36. Qd6) 33... fxg5 $2 (33... hxg6 $19 34. Rd3 (34. Rxg6 $2 e5 $19) 34... fxg5 35. Bxg7 {[#]} Qxg2+ $1 {[%mdl 512]} 36. Qxg2 Bxg2) 34. Bxg7 {aiming for Rd3.The position is equal.} Kxg7 35. Bh5 $1 $36 {[%mdl 2048] White fights for an advantage.} Qxf5 {Hoping for ...Qf4.} 36. Re5 Qb1+ 37. Re1 Qf5 38. Re5 Qb1+ 39. Re1 Qf5 40. Re5 Qb1+ {Av CentiPawn Loss W=-32/B=-31. Weighted=-28/-36} 1/2-1/2

[Event "70th RUS-ch Women Higher League 2020"]
[Site "Sochi"]
[Date "2020.10.14"]
[Round "6.13"]
[White "Ovod, Evgenija"]
[Black "Komissarova, Soigina"]
[Result "0-1"]
[WhiteElo "2372"]
[BlackElo "1780"]
[Annotator "TA"]
[PlyCount "104"]
[EventDate "2020.10.08"]
[EventType "swiss"]
[EventCountry "RUS"]
[SourceTitle "playchess.com"]
[Source "ChessBase"]
[SourceQuality "1"]

{[%evp 9,104,32,33,42,35,27,48,21,12,11,46,51,56,53,96,89,82,32,37,-93,-93,-94,-76,-89,-89,-83,-65,-68,-49,-85,-64,-188,-185,-218,-145,-125,-22,-162,-184,-370,-329,-304,-147,-135,-120,-218,-202,-267,-252,-328,-334,-298,-111,-110,-107,-122,-113,-208,-205,-201,-209,-328,-277,-220,-233,-235,-48,-542,-446,-416,-432,-487,-487,-537,-541,-540,-516,-562,-552,-631,-588,-611,-594,-814,-844,-932,-850,-29988,-29989,-29983,-29978,-29977,-29979,-29979,-29980,-29985,-29985]} 1. e4 e5 2. Nf3 Nc6 3. Bc4 Nf6 4. d3 h6 5. c3 d6 6. a4 {C55: Two Knights: 4 d3, 4 d4 exd4 5 e5 and Max Lange Attack.} a6 7. Nbd2 g5 8. Qb3 {White is slightly better.} Qe7 9. a5 Bg7 10. Nf1 O-O 11. Ng3 {[#]} Nd8 $146 ({Predecessor:} 11... Rb8 12. h4 g4 13. Nh2 Qd8 14. Nhf1 Ne7 15. Ne3 c6 16. Qd1 d5 17. Bb3 Be6 {1-0 (53) Sawlin,L (2340)-Niermann,T (2178) Hannover 2017}) 12. h4 g4 13. Nd2 c6 14. Ndf1 {[#]} (14. Qc2 $14 {keeps the upper hand.}) 14... d5 $1 $17 {[%cal Rd5c4][%mdl 512]} 15. exd5 cxd5 16. Bxd5 Nxd5 17. Qxd5 Be6 $36 {[%mdl 2048] Black has the initiative.} 18. Qe4 {Threatening Nf5.} f5 {[%mdl 1024] Black has compensation.} 19. Qe2 $1 Qf7 $1 20. h5 (20. f3 $15) 20... Nc6 $19 21. Nd2 Bd5 22. f3 Rae8 (22... gxf3 $17 23. gxf3 Rad8) 23. Kd1 (23. O-O $1 $11) 23... Qc7 24. fxg4 $2 {[#]} (24. Qe1) 24... Nd4 $1 {[%cal Rd4e2][%mdl 512]} 25. Qf2 {[%cal Rg4f5]} (25. cxd4 exd4) 25... fxg4 (25... e4 $19 {is more deadly.} 26. dxe4 fxe4) 26. Qg1 $17 Ne6 27. Nge4 (27. Kc2 $17) 27... Nf4 28. Qe3 Rd8 29. g3 {[#]} Nxd3 $1 {[%mdl 512]} 30. Kc2 (30. Qxd3 Bb3+) 30... Nb4+ $2 (30... Qc6 $19 {has better winning chances. Hoping for ...Bxe4.} 31. Rg1 Bxe4 32. Nxe4 Rd4) 31. Kb1 Rc8 32. Ra4 Nc6 33. Qe2 (33. Rh4 $17 {might work better.}) 33... Nxa5 $19 34. Qxg4 b5 35. Ra3 {[#]} (35. Ra1 {is a better defense.}) 35... b4 $1 {[%mdl 512]} 36. cxb4 {[#]} Qc2+ $1 37. Ka1 Nc4 $2 (37... Nc6 $19 38. Rc3 Qa4+ {[%mdl 64] Double Attack} 39. Ra3 Qxb4) 38. Nxc4 $4 {[%mdl 8192]} ({White must play} 38. Nf6+ $1 $15 Rxf6 39. Qxc8+ Rf8 40. Qc5 Bxh1 41. Qxc4+ Qxc4 42. Nxc4) 38... Qxe4 39. Qxe4 Bxe4 40. Re1 Rxc4 41. Rxa6 Rxb4 42. Bd2 {[#]} Rb6 $1 {[%mdl 512]} 43. Ra7 (43. Rxb6 Ra8+) 43... Rf7 44. Ra4 Bf3 45. g4 e4 46. Ra8+ Kh7 47. g5 hxg5 48. Bxg5 Rxb2 {Black mates.} 49. h6 Rb8+ 50. hxg7 Rxa8+ 51. Kb2 Kxg7 52. Kc3 Rd7 {Av CentiPawn Loss W=-66/B=-26. Weighted=-86/-26} 0-1